Българската мафия както я видях (Запис номер 325722)
[ съкратено ]
| 000 -Лидер | |
|---|---|
| Контролно поле с фиксирана дължина | 01188nam a22003257a 4500 |
| 003 - Код на организацията, давaща контролен номер | |
| Контролно поле | BLK |
| 005 - Дата и час на последна редакция | |
| Контролно поле | 20250402174131.0 |
| 008 - Елементи от данни с фиксирана дължина | |
| fixed length control field | 181024b bu ||||| |||| 00| 0 bu d |
| 020 ## - Международен стандартен номер на книга ISBN | |
| Международен стандартен номер на книга ISBN | 9786197245165 |
| 040 ## - Източник на каталожния запис | |
| Идентификатор на билиотеката - собственик на записа | BLK |
| 041 ## - Код за език | |
| Код за езика на текст/звукозапис или на отделно заглавие | Български |
| Код за езика КДБФ | Български |
| 080 ## - УДК | |
| Текстов определител УДК | Вътрешнополитически прояви. Вж и 323.4 |
| УДК - код + определител | 323.22/28(497.2) |
| УДК определител | (497.2) |
| 080 ## - УДК | |
| Текстов определител УДК | Политически интриги. Подривна дейност. Диверсии. Пета колона |
| УДК код - определител по УДК | 327.88 |
| УДК - код + определител | 327.88(497.2) |
| УДК определител | (497.2) |
| 100 ## - Редна дума - Автор | |
| Автор | Заркова, Анна Леонидова |
| R(LIN) | 258994 |
| 139 ## - Редно поле | |
| Редна дума | Заркова, Анна |
| Авторски знак | Зари - З 35 |
| 245 ## - Сведения за заглавието | |
| Заглавие | Българската мафия както я видях |
| 260 ## - Област на издателските данни | |
| 9 (RLIN) | 219788 |
| Име на издателя, разпространителя и проч. | Авлига |
| Година на издаване | 2018 |
| Място на издаване, разпространение и проч. | София |
| 300 ## - Физическа характеристика | |
| Страници | 622 с. |
| Размери/Мащаб | 20 см |
| 380 ## - Жанр | |
| Жанр | Обществени науки |
| 650 #0 - Допълнително описание по предмет – тема | |
| 9 (RLIN) | 250884 |
| Основно описание – тема или топоним | Мафия - България |
| 653 #7 - Ключова дума – ненормативна | |
| 9 (RLIN) | 192917 |
| Ключова дума | организирана престъпност |
| 653 #7 - Ключова дума – ненормативна | |
| 9 (RLIN) | 184445 |
| Ключова дума | групировки |
| 852 ## - Местоположение | |
| Форматна сигнатура | Цб 294439 |
| 999 ## - СИСТЕМНИ КОНТРОЛНИ НОМЕРА | |
| Koha biblionumber | 325722 |
| Koha biblioitemnumber | 325722 |
| 942 ## - АРТИКУЛИ | |
| Вид на библиотечния материал | Книги |
| Скрит в OPAC | Не |
| Koha issues (borrowed), all copies | 20 |
| 944 ## - СЪЗДАВАНЕ И РЕДАКЦИЯ на ЗАПИСА | |
| Създаване/Редакция | Редакция |
| Дата на регистрацията/редакция | 2019-04-11 |
| Служител, извършил регистрацията/редакцията | 30575 |
| Статус, дата на статуса | Мартин Енчев |
| 999 ## - СИСТЕМНИ КОНТРОЛНИ НОМЕРА | |
| Koha biblioitemnumber | 325722 |
| 999 ## - СИСТЕМНИ КОНТРОЛНИ НОМЕРА | |
| Koha biblioitemnumber | 325722 |
| 999 ## - СИСТЕМНИ КОНТРОЛНИ НОМЕРА | |
| Koha biblioitemnumber | 325722 |
| 999 ## - СИСТЕМНИ КОНТРОЛНИ НОМЕРА | |
| Koha biblioitemnumber | 325722 |
| Код за отписване | Код за изгубен артикул | Източник на класификационната схема | Код за повреда | Коз за рестрикции | Код за отдаване | Артикулен № | Име на библиотеката - собственик | Име на библиотеката, в която се намира в момента | Статус (Текущо местоположение) | Дата на вписване в системата | Местоположение - отдел | Цена в лева | Инвентарен номер | Систематично азбучна сигнатура | Баркод | Цена в евро | Служебен тип на артикула |
|---|---|---|---|---|---|---|---|---|---|---|---|---|---|---|---|---|---|
| Не е изгубен | Universal Decimal Classification | Не е повреден | без рестрикции | заемане за дома | 681615 | Регионална библиотека "Любен Каравелов" Русе | Регионална библиотека "Любен Каравелов" Русе | Заемна - подръчен фонд | 2018-10-29 | Заемна - подръчен фонд | 21.74 | 120000825410 | П 323(497.2)/З 35 | 120000825410 | 11.12 | Книги | |
| Не е изгубен | Universal Decimal Classification | Не е повреден | без рестрикции | ползва се в читалня | 701411 | Регионална библиотека "Любен Каравелов" Русе | Регионална библиотека "Любен Каравелов" Русе | Хранилище | 2019-04-16 | Хранилище | 29.00 | Цб 294439 | 120000831327 | 14.83 | Книги |